[Brückner, Christine: "Jauche und Levkojen"]

Titel: [Brückner, Christine: "Jauche und Levkojen"] / Helga Wetzel
Verfasser:
In: Pommern, Band 14, Heft 1 (1976), Seite 44
alle Artikel anzeigen
Veröffentlicht: 1976
Format: Aufsatz
Sprache: Deutsch
Schlagworte:
Kein Bild verfügbar
X
alg: 43255290
001A    $03025:13-06-18 
001B    $01999:27-07-21 $t17:20:40.000 
001C    $03025:13-06-18 $t15:22:05.000 
001D    $03025:13-06-18 
001U    $0utf8 
001X    $00 
002@    $0Aou 
002C    $aText $btxt $2rdacontent 
002D    $aohne Hilfsmittel zu benutzen $bn $2rdamedia 
002E    $aBand $bnc $2rdacarrier 
003@    $0432552901 
007A    $0432552901 $aHEB 
010@    $ager 
010E    $erda 
011@    $a1976 
013D    $#Newspapers Sections, columns, etc. Reviews $#Book reviewing $#Journaux Cahiers, chroniques, etc. Comptes rendus $#Livres Recension $#Rezension $#Buchbesprechung $#Buchrezension $#Buchkritik $74049712-4 $8Rezension [Ts1] $9085138568 
021A    $a[Brückner, Christine: "Jauche und Levkojen"] $hHelga Wetzel 
028A    $BVerfasser $4aut $7 $8Wetzel, Helga [Tnd] $9139821511 
031A    $d14 $e1 $h44 $j1976 
039B    $aEnthalten in $8--Abvc--. Pommern. - Greifswald : Pommersche Stiftung für historische Bildung, 1967-. - ISSN 0032-4167 $x197600000140001956 $9048244473 
039T    $aRezension von $8--Aau--Brückner, Christine$Z1921-1996 [Tp1]. Jauche und Levkojen. - 7. Aufl.. - Berlin {[u.a.] : Ullstein, 1976. - 314 S.. - ISBN 3-550-06248-6 $9122851366 
045F    $a900.943816 $eDDC23BSB 
045F/01 $a900 
045F/03 $g43816 
045T    $a7,41 $a8,1 

lok: 43255290 78

exp: 43255290 78 1 #EPN
201B/01 $013-06-18 $t15:22:05.000 
201C/01 $013-06-18 
201U/01 $0utf8 
203@/01 $01023540819 
208@/01 $a13-06-18 $be 
209A/01 $a/ $f000 $x00 
209A/01 $ab*p $x01 
220C/01 $awma 
244Z/01 $#Pommern $#Pommern $#Herzogtum Pommern $#Herzogthum Pommern $#Provinz Pommern $#Pomorze $74046744-2 $8--Tg1--Pommern $x06 $9085130354 
247C/01 $82080>Marburg/Lahn, Herder-Institut, Forschungsbibliothek, Bibliographieportal $9336309341
LEADER 00000caa a2200000 c 4500
001 432552901
003 DE-603
005 20210727172040.0
007 tu
008 180613s1976 xx |||| | u00||u|ger c
035 |a (DE-599)HEB432552901 
040 |a DE-603  |b ger  |c DE-603  |d DE-603  |e rda 
041 |a ger 
082 0 4 |8 1\u  |a 900.943816  |q DE-101  |2 23/BSB 
084 |a 7,41  |a 8,1  |2 ssgn 
085 |8 1\u  |b 900 
085 |8 1\u  |z 2  |s 43816 
100 1 |a Wetzel, Helga  |e Verfasser  |4 aut  |0 (DE-603)139821511 
245 0 0 |a [Brückner, Christine: "Jauche und Levkojen"]  |c Helga Wetzel 
264 0 |c 1976 
336 |a Text  |b txt  |2 rdacontent 
337 |a ohne Hilfsmittel zu benutzen  |b n  |2 rdamedia 
338 |a Band  |b nc  |2 rdacarrier 
655 7 |a Rezension  |2 gnd-content  |0 (DE-588)4049712-4  |0 (DE-603)085138568 
773 0 8 |i Enthalten in  |t Pommern  |d Greifswald : Pommersche Stiftung für historische Bildung, 1967-  |h 30 cm  |x 0032-4167  |g Band 14, Heft 1 (1976), Seite 44  |w (DE-603)048244473  |w (DE-600)958645-3 
787 0 8 |i Rezension von  |a Brückner, Christine, 1921-1996  |t Jauche und Levkojen  |b 7. Aufl.  |d Berlin ˜[u.a.] œ: Ullstein, 1976  |h 314 S.  |z 3550062486  |w (DE-603)122851366 
924 0 |9 2080  |a (DE-603)1023540819  |b DE-2080  |c HES  |d d  |g /